| 000 | 00463nam a2200157Ia 4500 | ||
|---|---|---|---|
| 008 | 210716s2010 xx 000 0 und d | ||
| 020 | _a9780071067270 | ||
| 041 | _aeng | ||
| 082 | _a005.3068 PHIJ | ||
| 100 | _aPhillips, Joseph. | ||
| 245 |
_aIT project management: on track from start to finish. _bOn track from start to finish. |
||
| 250 | _a1 | ||
| 260 |
_aNew Delhi _bTata McGraw Hill Publishing Company Ltd _c2010 |
||
| 300 | _axxvi,613 | ||
| 650 | _aNone | ||
| 999 |
_c191007 _d191007 |
||